000 00555nam a2200217Ia 4500
005 20260429111933.0
008 260429s9999||||xx |||||||||||||| ||und||
020 _a9788119662739
041 _aEnglish
082 _a547
_bSUL
100 _aSultanat
245 0 _aOrganic chemistry, Vol. 2 /
_cSultanat
250 _a1st ed.
260 _aNew Delhi :
_bAne Books Pvt. Ltd.,
_c2024.
300 _axi, 217 p.; hb
440 _vVol. 2
650 _a Carbon compounds
650 _a Chemical synthesis
650 _aOrganic chemistry
942 _cTB
999 _c51519
_d51519